| Tag |
First Indicator |
Second Indicator |
Subfields |
| LEADER |
00000cam a2200000 4500 |
| 001 |
in00000453031 |
| 005 |
20151012085609.0 |
| 008 |
760729s1952 pau b 00000 eng |
| 010 |
|
|
|a 53062174
|
| 035 |
|
|
|a (OCoLC)02342450
|
| 035 |
|
|
|9 ABY3214AM
|
| 040 |
|
|
|a DLC
|c TOL
|d TXA
|d UtOrBLW
|
| 049 |
|
|
|a TXAM
|c [220785]
|
| 050 |
|
0 |
|a QD911
|b .P46
|
| 082 |
0 |
|
|a 548.83
|
| 092 |
|
|
|a 548.8
|b P422c
|
| 100 |
1 |
|
|a Pepinsky, Ray,
|d 1912-1993.
|
| 245 |
1 |
0 |
|a Computing methods and the phase problem in X-ray crystal analysis ;
|b report of a conference held at the Pennsylvania State College, April 6-8, 1950.
|
| 264 |
|
1 |
|a State College, Pa. :
|b X-ray Crystal Analysis Laboratory, Dept. of Physics, Pennsylvania State College,
|c 1952.
|
| 300 |
|
|
|a 390 pages :
|b illustrations, portraits, diagrams ;
|c 28 cm.
|
| 336 |
|
|
|a text
|b txt
|2 rdacontent
|
| 337 |
|
|
|a unmediated
|b n
|2 rdamedia
|
| 338 |
|
|
|a volume
|b nc
|2 rdacarrier
|
| 500 |
|
|
|a "Conference ... sponsored jointly by the Rockefeller Foundation and the Office of Naval Research."
|
| 504 |
|
|
|a Includes bibliographies.
|
| 650 |
|
0 |
|a Crystallography, Mathematical.
|
| 650 |
|
0 |
|a X-rays.
|
| 650 |
|
0 |
|a Computers.
|
| 710 |
1 |
|
|a Pennsylvania.
|b State College.
|b School of Chemistry and Physics.
|b Department of Physics.
|b X-ray Crystal Analyasis Laboratory.
|
| 999 |
|
|
|a MARS
|
| 999 |
f |
f |
|s c6c98df5-1983-3ff7-9fd8-2df84155f1b8
|i e63fe695-8c47-350a-b0eb-46506f1f7218
|t 0
|
| 952 |
f |
f |
|p ric
|a Texas A&M University
|b Rellis Campus
|c Joint Library Facility
|d Remote Storage
|t 0
|e QD911 .P46
|h Library of Congress classification
|i unmediated -- volume
|m A14800946986
|
| 998 |
f |
f |
|a QD911 .P46
|t 0
|l Remote Storage
|